000
00218nam a22000857a 4500
008
161213b xxu||||| |||| 00| 0 eng d
100
_9
2017
_a
Shankaran.R.
245
_a
English Honey Suckle-WB
260
_a
New Delhi
_b
APC
_c
2009
999
_c
4884
_d
4884